Matemáticas aplicadas para administración, economía y ciencias sociales / (Record no. 83198)

MARC details
000 -CABECERA
campo de control de longitud fija 00739nam a2200205 a 4500
005 - FECHA Y HORA DE LA ÚLTIMA TRANSACCIÓN
campo de control 20210223124232.0
008 - ELEMENTOS DE LONGITUD FIJA--INFORMACIÓN GENERAL
campo de control de longitud fija 010705m19902000mx r 000 0 spa d
020 ## - NÚMERO INTERNACIONAL NORMALIZADO PARA LIBROS
Número Internacional Estándar del Libro 9684225636
035 ## - NÚMERO DE CONTROL DEL SISTEMA
Número de control de sistema UPN01000109287
049 ## - COLECCIÓN
Colección CG
050 #4 - SIGNATURA TOPOGRÁFICA DE LA BIBLIOTECA DEL CONGRESO
Número de clasificación HF5695
Número de documento/Ítem B8.58 1990
100 1# - ASIENTO PRINCIPAL--NOMBRE PERSONAL
Nombre de persona Budnick, Frank S.
245 10 - MENCIÓN DE TÍTULO
Título Matemáticas aplicadas para administración, economía y ciencias sociales /
Mención de responsabilidad, etc. Frank S. Budnick ; tr. Efrén Alatorre Miguel.
250 ## - MENCIÓN DE EDICIÓN
Mención de edición 2a ed.
260 ## - PUBLICACIÓN, DISTRIBUCIÓN, ETC.
Lugar de publicación, distribución, etc. México :
Nombre del editor, distribuidor, etc. McGraw-Hill Interamericana,
Fecha de publicación, distribución, etc. c1990 (2000 impr.).
300 ## - DESCRIPCIÓN FÍSICA
Extensión 1 v. (en varias paginaciones)
534 ## - NOTA SOBRE LA VERSIÓN ORIGINAL
Frase introductoria Traducción de:
Mención de título del original Applied mathematics for business, economics and the social sciences
650 #4 - ASIENTO SECUNDARIO DE MATERIA - TERMINO TEMATICO
Término de materia o nombre geográfico como elemento de entrada MATEMATICAS COMERCIALES
9 (RLIN) 25657
905 ## - TIPO DE MATERIAL
Tipo de material Libro
Holdings
Estado de retiro Estado de pérdida Fuente del sistema de clasificación o colocación Estado dañado No para préstamo Código de colección Localización permanente Ubicación/localización actual Ubicación en estantería Total de préstamos Clasificación Código de barras Fecha visto por última vez Número de copia Tipo de ítem Koha
    Library of Congress Classification     Colección General Bib. Gregorio Torres Quintero Bib. Gregorio Torres Quintero Planta baja 21 HF5695 B8.58 1990 163413 31/12/2020 1 Libro
    Library of Congress Classification     Colección General Bib. Gregorio Torres Quintero Bib. Gregorio Torres Quintero Planta baja 9 HF5695 B8.58 1990 196070 31/12/2020 1 Libro
    Library of Congress Classification     Colección General Bib. Gregorio Torres Quintero Bib. Gregorio Torres Quintero Planta baja 11 HF5695 B8.58 1990 163411 31/12/2020 1 Libro
    Library of Congress Classification     Colección General Bib. Gregorio Torres Quintero Bib. Gregorio Torres Quintero Planta baja 10 HF5695 B8.58 1990 237303 31/12/2020 1 Libro
    Library of Congress Classification     Colección General Bib. Gregorio Torres Quintero Bib. Gregorio Torres Quintero Planta baja 11 HF5695 B8.58 1990 163412 31/12/2020 1 Libro
    Library of Congress Classification     Colección General Bib. Gregorio Torres Quintero Bib. Gregorio Torres Quintero Planta baja 9 HF5695 B8.58 1990 196069 31/12/2020 1 Libro